00727nam a22002291a 4500001000800000005001700008008004100025010001300066035002600079035002200105035001200127040000800139050007200147100002200219245004600241260004700287300002100334490003800355600004100393600002500434830003800459145173020140128020003.0881011s1962 nr a 000 1 eng  a77260624 a(CStRLIN)NYCX88B21958 a(NIC)notisAGR6928 a1451730 dNIC04aPR 9387.9.E34A66 1962bPR 9387.9.E34A66 1962aPR 9387.9.E34A66 19621 aEkwensi, Cyprian.13aAn African night's entertainment a tale. aLagos :bAfrican Universities Pre,c[1962] a96 p. illus. 22.1 aAfrican Reader's Library ;vno. 110aFather and child - Africa - Fiction.10aYoung adult fiction. 0aAfrican reader's library.vno. 1.